| 000 | 00661cab a22001815a 4500 | ||
|---|---|---|---|
| 001 | L150657 | ||
| 008 | 100810e20100806xxk f 000 0 eng d | ||
| 035 | _a(Sirsi) u150658 | ||
| 041 | 0 | _aeng | |
| 100 | 1 | _aMcMeeken, Roxane | |
| 245 | 0 | 1 | _aThey're the young generation and they've got something to say |
| 260 | _c2010 | ||
| 490 |
_aBuilding _v275 (8641) 6 August 2010, 30-33(4) |
||
| 520 | _aCommentary and survey results of under-28 year old construction professionals; levels of satisfaction with career choice; what they would change about the industry. | ||
| 590 | _aKA | ||
| 690 | _aCAREERS, EDUCATION AND TRAINING-CAREERS IN SURVEYING | ||
| 942 | _n0 | ||
| 999 |
_c82596 _d82596 |
||